000 00537nam a2200181Ia 4500
005 20250326124905.0
008 250326s9999 xx 000 0 und d
037 _aTextbook
040 _aFMSL
_beng
_cFMSL
041 _aeng
_2eng
084 _aX:8DR L7
_qFMSL
100 _aGoldschmidt Y
245 0 _aProfit measurement during inflation: accounting, economic and ficial aspects
_cGoldschmidt Y; Admon K
260 _aNY
_bNY, John Wiley
_c1977
300 _a328p
942 _cTB
_hX:8DR L7
999 _c1275654
_d1275654